| 000 | 00487cam a2200169ua 4500 | ||
|---|---|---|---|
| 001 | 1383 | ||
| 005 | 20260515113328.0 | ||
| 008 | 110707n ii |||gr||||Z||||||asm | ||
| 040 | _cMAIN | ||
| 100 | 1 |
_aBora, Jogeswar, _eAuthor. |
|
| 245 | 1 |
_aSnatak mahal;ar rajnaitik tatva : _baru plato aristotel rajnaitik darshan / _cby Jogeswar Bora |
|
| 260 |
_aJorhat: _bBidya Bhawan, _c2008-09. |
||
| 300 |
_a411p: _c23cm. |
||
| 653 | _aPolitical science | ||
| 653 | _aRajnaitik tatva | ||
| 942 | _cBK | ||
| 999 |
_c1278 _d1278 |
||